000 00725cab a2200217 4500
001 WB3413-13
008 090401t1998 xxu||||| |||| 00| 0 eng d
035 _a(Sirsi) u85432
041 _aeng
245 _aProfitable ways with car parks
260 _c1998
350 _a0
490 _aFinancial Times
_v3 April 1998, 8(2)
520 _aDiscusses the value of carparks following the sale of National Parking Corporation (NPC) , Britain`s largest chain of car parks to the US based Cendant Corporation for £801m.
650 _aCAR PARKS
650 _aPROPERTY VALUES
650 _aVALUE
690 _aPROPERTY-COMMERCIAL PROPERTY-COMMERCIAL PROPERTY APPRAISAL AND VALUATION
942 _n0
948 _c03/04/1998
999 _c53723
_d53723